|
|
|
|
| LEADER |
01047nam a2200277 a 4500 |
| 001 |
423 |
| 003 |
BD-DhAAL |
| 005 |
20150514122623.0 |
| 008 |
150514s1996 nyuab b 001 0 eng |
| 010 |
|
|
|a 95002756
|
| 020 |
|
|
|a 0070071969 (acidfree paper)
|
| 040 |
|
|
|a DLC
|c DLC
|d DLC
|d BD-DhAAL
|
| 050 |
0 |
0 |
|a E840
|b .B73 1996
|
| 082 |
0 |
0 |
|a 327.73
|2 20
|
| 100 |
1 |
|
|a Brands, H. W.
|9 11073
|
| 245 |
1 |
0 |
|a Since Vietnam :
|b the United States in world affairs, 1973-1995 /
|c H.W. Brands.
|
| 260 |
|
|
|a New York :
|b McGraw-Hill,
|c c1996.
|
| 300 |
|
|
|a xii, 186 p. :
|b ill., maps ;
|c 22 cm.
|
| 440 |
|
0 |
|a America in crisis
|9 11074
|
| 504 |
|
|
|a Includes bibliographical references (p. 172-177) and index.
|
| 541 |
|
|
|e 423
|
| 651 |
|
0 |
|a United States
|x Foreign relations
|y 1945-1989.
|9 11075
|
| 651 |
|
0 |
|a United States
|x Foreign relations
|y 1989-
|9 11076
|
| 942 |
|
|
|2 ddc
|c BK
|
| 999 |
|
|
|c 34421
|d 34421
|
| 952 |
|
|
|0 0
|1 0
|2 ddc
|4 0
|6 327_730000000000000_BRA
|7 0
|9 53739
|a SCL
|b SCL
|c GEN
|d 2015-05-14
|e Gift: The Asia Foundation
|l 0
|o 327.73 BRA
|p 3020000423
|r 2015-05-14
|t 1
|w 2015-05-14
|y BK
|